000 00986nam a22002893 4500
001 27767
003 BD-RjUL
005 20211209051211.0
008 140327s1889 enk 000 0
035 7 _a(BD-RjUL)27846
040 _aBD-RjUL
_beng
_cBD-RjUL
041 _aeng
082 _aRA 923.163
_bJOJ 1898
100 1 _aJohnson, Samuel
_d1709-1784.
_985233
245 1 0 _aJohnson History of Rasselas, prince of Abyssinia /
_ced. with intr. and notes by G.B. Hill.
260 _aOxf.
_c1898.
_bAt the clarendon press ;
300 _c17 cm.
_a203 p. :
_bill. ;
490 1 _aClar. press ser.
610 2 7 _aAbyssinia
_9116119
690 0 0 _aEnglish literature
_xFiction
_xMiscellaneous
_2pre20
_9116120
700 1 _aHill, George Birkbeck N.
_eed.
_975307
752 _aEngland
_dOxford
830 0 _aClar. press ser.
_9116121
856 4 1 _3Bodleian Library 256 e.3057
_uhttp://purl.ox.ac.uk/uuid/3082fd268d8f4b218f57c3499cda94b4
942 _2ddc
_cRAR
999 _c27767
_d27767